[Event "164 Stay Safe Play From Home"]
[Site "T#646250Emanuel Laske"]
[Date "2020.05.22"]
[Round "2"]
[White "BrainThinker22"]
[Black "SoulofWolf"]
[Result "1-0"]
[WhiteElo "2217"]
[BlackElo "2150"]
[Annotator "NA RC"]
[PlyCount "123"]
[EventDate "2020.05.22"]
[EventType "swiss (blitz)"]

1. e4 {[%emt 0:00:01]} d6 {[%emt 0:00:00]} 2. Nc3 {[%emt 0:00:01]} c5 {[%emt 0:00:01]} 3. g3 {[%emt 0:00:00]} Nc6 {[%emt 0:00:01]} 4. Bg2 {[%emt 0:00:00]} g6 {[%emt 0:00:00]} 5. d3 {[%emt 0:00:00]} Bg7 {[%emt 0:00:00]} 6. Be3 {[%emt 0:00:01]} e5 {[%emt 0:00:01]} 7. Qd2 {[%emt 0:00:00]} f5 {[%emt 0:00:01]} 8. Nge2 {[%emt 0:00:01]} h6 {[%emt 0:00:01]} 9. f4 {[%emt 0:00:01]} Nge7 {[%emt 0:00:00]} 10. O-O {[%emt 0:00:01]} O-O {[%emt 0:00:01]} 11. fxe5 {[%emt 0:00:01]} dxe5 {[%emt 0:00:00]} 12. Bxh6 {[%emt 0:00:00]} Nd4 {[%emt 0:00:01]} 13. Nxd4 {[%emt 0:00:01]} cxd4 {[%emt 0:00:01]} 14. Ne2 {[%emt 0:00:00]} Be6 {[%emt 0:00:01]} 15. Bxg7 {[%emt 0:00:01]} Kxg7 {[%emt 0:00:00]} 16. Rae1 {[%emt 0:00:02]} Rb8 {[%emt 0:00:01]} 17. exf5 {[%emt 0:00:01]} Nxf5 {[%emt 0:00:01]} 18. Nf4 {[%emt 0:00:06]} Qd6 {[%emt 0:00:04]} 19. Nxe6+ {[%emt 0:00:07]} Qxe6 {[%emt 0:00:00]} 20. Be4 {[%emt 0:00:02]} Nh6 {[%emt 0:00:08]} 21. Qg5 {[%emt 0:00:02]} b6 {[%emt 0:00:03]} 22. Rxf8 {[%emt 0:00:02]} Rxf8 {[%emt 0:00:00]} 23. Rf1 {[%emt 0:00:00]} Rxf1+ {[%emt 0:00:01]} 24. Kxf1 {[%emt 0:00:00]} Qf6+ {[%emt 0:00:01]} 25. Qxf6+ {[%emt 0:00:00]} Kxf6 {[%emt 0:00:00]} 26. h3 {[%emt 0:00:01]} Kg5 {[%emt 0:00:02]} 27. Kf2 {[%emt 0:00:01]} Nf7 {[%emt 0:00:00]} 28. Kf3 {[%emt 0:00:01]} Nd6 {[%emt 0:00:01]} 29. h4+ {[%emt 0:00:01]} Kf6 {[%emt 0:00:01]} 30. a4 {[%emt 0:00:01]} a6 {[%emt 0:00:01]} 31. b4 {[%emt 0:00:01]} b5 {[%emt 0:00:02]} 32. a5 {[%emt 0:00:00]} Kg7 {[%emt 0:00:02]} 33. Bc6 {[%emt 0:00:02]} Kf6 {[%emt 0:00:01]} 34. g4 {[%emt 0:00:00]} Kg7 {[%emt 0:00:01]} 35. g5 {[%emt 0:00:01]} Kf7 {[%emt 0:00:01]} 36. Bd5+ {[%emt 0:00:00]} Kg7 {[%emt 0:00:01]} 37. Kg4 {[%emt 0:00:00]} Nf5 {[%emt 0:00:02]} 38. Bb7 {[%emt 0:00:01]} Ne3+ {[%emt 0:00:00]} 39. Kf3 {[%emt 0:00:01]} Nxc2 {[%emt 0:00:01]} 40. Bxa6 {[%emt 0:00:00]} Nxb4 {[%emt 0:00:00]} 41. Bxb5 {[%emt 0:00:00]} Nd5 {[%emt 0:00:03]} 42. a6 {[%emt 0:00:01]} Nc7 {[%emt 0:00:00]} 43. a7 {[%emt 0:00:02]} Kf7 {[%emt 0:00:00]} 44. Bc6 {[%emt 0:00:02]} Ke6 {[%emt 0:00:00]} 45. a8=Q {[%emt 0:00:00]} Nxa8 {[%emt 0:00:00]} 46. Bxa8 {[%emt 0:00:00]} Kf5 {[%emt 0:00:01]} 47. Be4+ {[%emt 0:00:00]} Ke6 {[%emt 0:00:00]} 48. Bxg6 {[%emt 0:00:00]} Kd5 {[%emt 0:00:00]} 49. Be4+ {[%emt 0:00:00]} Ke6 {[%emt 0:00:00]} 50. Kg4 {[%emt 0:00:00]} Kf7 {[%emt 0:00:01]} 51. h5 {[%emt 0:00:00]} Kg7 {[%emt 0:00:00]} 52. h6+ {[%emt 0:00:00]} Kh8 {[%emt 0:00:01]} 53. Kh5 {[%emt 0:00:01]} Kg8 {[%emt 0:00:00]} 54. g6 {[%emt 0:00:00]} Kf8 {[%emt 0:00:00]} 55. Kg5 {[%emt 0:00:00]} Kg8 {[%emt 0:00:01]} 56. Kf5 {[%emt 0:00:00]} Kh8 {[%emt 0:00:00]} 57. Kxe5 {[%emt 0:00:00]} Kg8 {[%emt 0:00:00]} 58. Kxd4 {[%emt 0:00:00]} Kh8 {[%emt 0:00:00]} 59. Ke5 {[%emt 0:00:00]} Kg8 {[%emt 0:00:00]} 60. Kf6 {[%emt 0:00:00]} Kh8 {[%emt 0:00:00]} 61. g7+ {[%emt 0:00:00]} Kg8 {[%emt 0:00:00]} 62. h7# {[%emt 0:00:01] (Lag: Av=0.37s, max=0.8s)} 1-0

[Event "164 Stay Safe Play From Home"]
[Site "T#646250Emanuel Laske"]
[Date "2020.05.22"]
[Round "2"]
[White "Lamborghini"]
[Black "Mepe_Nika"]
[Result "0-1"]
[WhiteElo "2199"]
[BlackElo "2359"]
[Annotator "TA"]
[PlyCount "46"]
[EventDate "2020.05.22"]
[EventType "swiss (blitz)"]

{[%evp 16,46,-14,-12,-13,-39,-7,-66,-79,-68,-68,-50,0,-66,-19,-93,-85,-83,55,40,164,70,429,404,404,429,543,330,306,145,241,-29998,-29999]} 1. e4 e5 2. Nf3 Nc6 3. Bb5 a6 4. Ba4 Nf6 5. Qe2 b5 6. Bb3 Bc5 7. O-O d6 8. c3 O-O 9. Rd1 Bb6 {C77: Ruy Lopez: 3...a6 4 Ba4 Nf6, unusual lines.} 10. h3 Be6 {[#]} 11. d4 $146 (11. Bxe6 $11 fxe6 12. d3) ({Predecessor:} 11. Bc2 d5 12. d3 h6 13. Nbd2 Re8 14. Nf1 Qd7 15. a4 Rad8 16. axb5 axb5 17. N3h2 {1-0 (46) Paveto,K (2406)-Di Giannantonio,N (2314) Buenos Aires 2015}) 11... Bxb3 $15 {Black is slightly better.} 12. axb3 {next dxe5 is good for White.} exd4 13. cxd4 Re8 14. e5 (14. Bg5 $11) 14... Qe7 {[%cal Rd6e5]} 15. Bf4 (15. Qc2 $11 Nb4 16. Qf5) 15... dxe5 $17 16. dxe5 {[#]} Rad8 (16... Qb4 $1 $17 {[%cal Rb4f4]} 17. Bg5 Qe4) 17. Nc3 $1 $14 Nh5 {[#]} ({Better is} 17... Rxd1+ $14 18. Qxd1 Rd8) 18. Bh2 ({White should try} 18. Be3 $1 $18) 18... Nd4 $2 {[%mdl 8192]} (18... Nf6 $14) 19. Nxd4 $18 {[%mdl 64] Discovered Attack} Bxd4 20. Qxh5 Qb4 21. Ne2 {And now e6 would win.} Bxb2 22. Rab1 (22. e6 $1 $18 Qe7 23. Rxd8 Rxd8 24. Rb1) 22... Qxb3 (22... Rxd1+ $16 23. Rxd1 Qxb3) 23. Qg5 $4 {[%mdl 8192]} (23. Nd4 $18 Qc4 24. Nf5 (24. Rxb2 Rxd4 25. Bg3 c5 $16) 24... Rxd1+ 25. Rxd1) 23... Rxd1+ {[%mdl 64] Back Rank. What a bad dream for White. Accuracy: White = 17%, Black = 31%.} 0-1

[Event "164 Stay Safe Play From Home"]
[Site "T#646250Emanuel Laske"]
[Date "2020.05.22"]
[Round "2"]
[White "Weltszmerc"]
[Black "Shahildey"]
[Result "1-0"]
[WhiteElo "1993"]
[BlackElo "2187"]
[Annotator "TA"]
[PlyCount "95"]
[EventDate "2020.05.22"]
[EventType "swiss (blitz)"]

{[%evp 9,94,-74,-76,-75,-75,-80,-77,-77,-59,-104,-107,-93,-77,-91,-88,-103,-100,-120,-92,-90,-84,-88,-87,-118,-26,-24,-14,0,0,-39,1008,-37,989,991,977,945,942,839,1251,835,865,865,841,711,887,704,1026,801,875,793,1177,1151,1672,1516,1631,1486,29981,29982,29982,29983,29983,29984,29984,29985,29983,29983,29985,29986,29987,29987,29988,29989,29993,29992,29992,29993,29993,29994,29997,29997,29998,29996,29996,29997,29997,29998,29999]} 1. d4 b6 2. c4 Ba6 3. Nc3 Bxc4 {[#]} 4. Qa4 $146 ({Predecessor:} 4. Nf3 Ba6 5. g3 Bb7 6. Bg2 d6 7. O-O Nd7 8. e4 g6 9. Re1 Bg7 10. e5 {1-0 (27) Aldave,G-Healey,G ICC INT 2009}) 4... Ba6 5. b4 Bb7 6. e3 {A40: Unusual replies to 1 d4.} Nf6 7. Nf3 e6 8. Be2 {Black is better.} a5 9. bxa5 Rxa5 10. Qc2 Bb4 11. Bd2 O-O 12. O-O Ra8 13. h3 Bxc3 14. Bxc3 Ne4 15. Bb2 f5 16. Bd3 d5 (16... Nc6 $17 {...Nb4 is the strong threat.} 17. a3 Ba6 18. Bxa6 Rxa6) 17. Ne5 $11 Nd7 18. Nc6 Qf6 19. a3 Qg6 $2 {[%mdl 8192] White leaves nothing to chance now.} (19... Qf7 $15) 20. Rac1 $2 ({White has to play} 20. Ne7+ $18 Kh8 21. Nxg6+ hxg6 22. Qxc7) 20... Ndf6 $2 {[%mdl 8192]} (20... Qf7 $15) 21. Ne7+ $18 {[%mdl 64] [#] Double Attack, Discovered Attack} Kh8 22. Nxg6+ hxg6 23. Bxe4 Ba6 24. Qxc7 Bxf1 25. Kxf1 Nxe4 26. Qxb6 Nd2+ 27. Ke2 Nc4 28. Rxc4 dxc4 29. Qxe6 {[%mdl 64] [#] Double Attack} Rab8 30. Bc3 Rfc8 31. Qxg6 Rb3 32. Qxf5 Ra8 33. Qh5+ {White mates.} Kg8 34. Qd5+ {[%mdl 64] Double Attack} Kh7 35. Qxa8 Rxc3 {[%mdl 4096] Endgame KQ-KR} 36. Qe4+ Kg8 37. Kf3 Rxa3 38. d5 c3 39. Qe6+ Kh7 40. d6 Ra4 41. Qf5+ g6 42. Qf7+ Kh6 43. d7 c2 44. Qf8+ Kg5 45. Qc5+ Kh6 46. d8=Q {[%cal Rd8h8]} Rf4+ 47. Kxf4 {[%cal Rd8h8]} c1=Q 48. Qh8# {Accuracy: White = 69%, Black = 52%.} 1-0

[Event "164 Stay Safe Play From Home"]
[Site "T#646250Emanuel Laske"]
[Date "2020.05.22"]
[Round "2"]
[White "Emresenar"]
[Black "Haxhi Baha"]
[Result "0-1"]
[WhiteElo "1739"]
[BlackElo "1912"]
[Annotator "RC"]
[PlyCount "80"]
[EventDate "2020.05.22"]
[EventType "swiss (blitz)"]

1. e4 {[%emt 0:00:01]} e6 {[%emt 0:00:01]} 2. Nf3 {[%emt 0:00:00]} d5 {[%emt 0:00:00]} 3. exd5 {[%emt 0:00:00]} exd5 {[%emt 0:00:01]} 4. d4 {[%emt 0:00:00]} c6 {[%emt 0:00:01]} 5. Bd3 {[%emt 0:00:00]} Nf6 {[%emt 0:00:01]} 6. O-O {[%emt 0:00:00]} Bd6 {[%emt 0:00:00]} 7. h3 {[%emt 0:00:00]} O-O {[%emt 0:00:01]} 8. c3 {[%emt 0:00:01]} h6 {[%emt 0:00:01]} 9. Re1 {[%emt 0:00:02]} Be6 {[%emt 0:00:01]} 10. Nbd2 {[%emt 0:00:03]} Nbd7 {[%emt 0:00:02]} 11. Nf1 {[%emt 0:00:02]} Qc7 {[%emt 0:00:01]} 12. Ne3 {[%emt 0:00:03]} Rfe8 {[%emt 0:00:01]} 13. Qc2 {[%emt 0:00:02]} c5 {[%emt 0:00:02]} 14. Bd2 {[%emt 0:00:06]} Rac8 {[%emt 0:00:01]} 15. Rac1 {[%emt 0:00:02]} c4 {[%emt 0:00:01]} 16. Bf1 {[%emt 0:00:01]} Nf8 {[%emt 0:00:00]} 17. Re2 {[%emt 0:00:07]} b5 {[%emt 0:00:01]} 18. a3 {[%emt 0:00:02]} Ne4 {[%emt 0:00:01]} 19. Ng4 {[%emt 0:00:06]} a5 {[%emt 0:00:02]} 20. Ree1 {[%emt 0:00:03]} Bxg4 {[%emt 0:00:03]} 21. hxg4 {[%emt 0:00:01]} Nxd2 {[%emt 0:00:01]} 22. Qxd2 {[%emt 0:00:01]} Bf4 {[%emt 0:00:01]} 23. Qc2 {[%emt 0:00:04]} Bxc1 {[%emt 0:00:01]} 24. Qxc1 {[%emt 0:00:00]} b4 {[%emt 0:00:00]} 25. axb4 {[%emt 0:00:02]} Rxe1 {[%emt 0:00:01]} 26. Qxe1 {[%emt 0:00:01]} axb4 {[%emt 0:00:00]} 27. cxb4 {[%emt 0:00:00]} c3 {[%emt 0:00:01]} 28. bxc3 {[%emt 0:00:02]} Qxc3 {[%emt 0:00:00]} 29. Qxc3 {[%emt 0:00:01]} Rxc3 {[%emt 0:00:00]} 30. b5 {[%emt 0:00:01]} Rb3 {[%emt 0:00:02]} 31. Ne5 {[%emt 0:00:01]} Ne6 {[%emt 0:00:03]} 32. Nc6 {[%emt 0:00:01]} Rb1 {[%emt 0:00:02]} 33. g3 {[%emt 0:00:00]} Nc7 {[%emt 0:00:01]} 34. Kg2 {[%emt 0:00:01]} Nxb5 {[%emt 0:00:01]} 35. Bxb5 {[%emt 0:00:01]} Rxb5 {[%emt 0:00:00]} 36. Ne5 {[%emt 0:00:01]} Rb4 {[%emt 0:00:02]} 37. Nf3 {[%emt 0:00:02]} f6 {[%emt 0:00:02]} 38. Kh3 {[%emt 0:00:00]} Rb3 {[%emt 0:00:00]} 39. Kh4 {[%emt 0:00:00]} Rxf3 {[%emt 0:00:02]} 40. Kh3 {[%emt 0:00:00]} Rxf2 {[%emt 0:00:02] Zaman (Lag: Av=1.11s, max=1.7s)} 0-1

[Event "164 Stay Safe Play From Home"]
[Site "T#646250Emanuel Laske"]
[Date "2020.05.22"]
[Round "2"]
[White "Bruce09"]
[Black "Fischer_11"]
[Result "0-1"]
[WhiteElo "1375"]
[BlackElo "2054"]
[Annotator "NA RC"]
[PlyCount "42"]
[EventDate "2020.05.22"]
[EventType "swiss (blitz)"]

1. d4 {[%emt 0:00:02]} e5 {[%emt 0:00:01]} 2. dxe5 {[%emt 0:00:02]} Nc6 {[%emt 0:00:00]} 3. Nf3 {[%emt 0:00:01]} Qe7 {[%emt 0:00:01]} 4. e3 {[%emt 0:00:02]} Nxe5 {[%emt 0:00:00]} 5. Nxe5 {[%emt 0:00:04]} Qxe5 {[%emt 0:00:00]} 6. Nc3 {[%emt 0:00:02]} Nf6 {[%emt 0:00:01]} 7. Bd3 {[%emt 0:00:03]} Bb4 {[%emt 0:00:01]} 8. Bd2 {[%emt 0:00:01]} d5 {[%emt 0:00:01]} 9. a3 {[%emt 0:00:01]} Bd6 {[%emt 0:00:01]} 10. f4 {[%emt 0:00:03]} Qe7 {[%emt 0:00:02]} 11. h3 {[%emt 0:00:02]} c6 {[%emt 0:00:01]} 12. O-O {[%emt 0:00:02]} O-O {[%emt 0:00:01]} 13. g4 {[%emt 0:00:01]} b5 {[%emt 0:00:03]} 14. Qf3 {[%emt 0:00:02]} a5 {[%emt 0:00:02]} 15. g5 {[%emt 0:00:01]} Nd7 {[%emt 0:00:02]} 16. h4 {[%emt 0:00:03]} Bb7 {[%emt 0:00:03]} 17. Qg3 {[%emt 0:00:03]} b4 {[%emt 0:00:02]} 18. axb4 {[%emt 0:00:02]} axb4 {[%emt 0:00:00]} 19. Rxa8 {[%emt 0:00:01]} Bxa8 {[%emt 0:00:00]} 20. Qg4 {[%emt 0:00:03]} bxc3 {[%emt 0:00:02]} 21. Bxc3 {[%emt 0:00:01]} Qxe3+ {[%emt 0:00:03] Bruce09 gibt auf (Lag: Av=0.48s, max=0.8s)} 0-1

[Event "164 Stay Safe Play From Home"]
[Site "T#646250Emanuel Laske"]
[Date "2020.05.22"]
[Round "3"]
[White "Hoffentlichreichts"]
[Black "BrainThinker22"]
[Result "0-1"]
[WhiteElo "2397"]
[BlackElo "2231"]
[Annotator "NA RC"]
[PlyCount "116"]
[EventDate "2020.05.22"]
[EventType "swiss (blitz)"]

1. g3 {[%emt 0:00:01]} d5 {[%emt 0:00:01]} 2. Nf3 {[%emt 0:00:00]} Nf6 {[%emt 0:00:00]} 3. Bg2 {[%emt 0:00:00]} e6 {[%emt 0:00:00]} 4. O-O {[%emt 0:00:00]} Be7 {[%emt 0:00:00]} 5. b3 {[%emt 0:00:00]} O-O {[%emt 0:00:00]} 6. Bb2 {[%emt 0:00:00]} c5 {[%emt 0:00:00]} 7. d3 {[%emt 0:00:00]} Nc6 {[%emt 0:00:00]} 8. Nbd2 {[%emt 0:00:00]} h6 {[%emt 0:00:01]} 9. e4 {[%emt 0:00:00]} Re8 {[%emt 0:00:02]} 10. e5 {[%emt 0:00:01]} Nd7 {[%emt 0:00:01]} 11. h4 {[%emt 0:00:00]} f6 {[%emt 0:00:01]} 12. Re1 {[%emt 0:00:00]} fxe5 {[%emt 0:00:01]} 13. Nxe5 {[%emt 0:00:01]} Ndxe5 {[%emt 0:00:00]} 14. Bxe5 {[%emt 0:00:01]} Nxe5 {[%emt 0:00:00]} 15. Rxe5 {[%emt 0:00:00]} Bf6 {[%emt 0:00:00]} 16. Qe2 {[%emt 0:00:00]} Bxe5 {[%emt 0:00:01]} 17. Qxe5 {[%emt 0:00:00]} Qf6 {[%emt 0:00:00]} 18. Nf3 {[%emt 0:00:02]} Bd7 {[%emt 0:00:02]} 19. Re1 {[%emt 0:00:01]} Qxe5 {[%emt 0:00:02]} 20. Nxe5 {[%emt 0:00:00]} Bc6 {[%emt 0:00:00]} 21. c4 {[%emt 0:00:03]} Rad8 {[%emt 0:00:02]} 22. Kh2 {[%emt 0:00:03]} Rf8 {[%emt 0:00:04]} 23. f4 {[%emt 0:00:02]} Rf6 {[%emt 0:00:04]} 24. Bh3 {[%emt 0:00:01]} Rd6 {[%emt 0:00:02]} 25. h5 {[%emt 0:00:01]} dxc4 {[%emt 0:00:01]} 26. dxc4 {[%emt 0:00:00]} Rd2+ {[%emt 0:00:01]} 27. Kg1 {[%emt 0:00:00]} Rxa2 {[%emt 0:00:01]} 28. Rd1 {[%emt 0:00:01]} Rb2 {[%emt 0:00:11]} 29. Rd8+ {[%emt 0:00:01]} Kh7 {[%emt 0:00:01]} 30. Ng6 {[%emt 0:00:04]} Rxg6 {[%emt 0:00:01]} 31. hxg6+ {[%emt 0:00:00]} Kxg6 {[%emt 0:00:00]} 32. Bxe6 {[%emt 0:00:01]} Kf6 {[%emt 0:00:00]} 33. f5 {[%emt 0:00:01]} Rxb3 {[%emt 0:00:01]} 34. Rf8+ {[%emt 0:00:01]} Kg5 {[%emt 0:00:02]} 35. Rf7 {[%emt 0:00:01]} Rxg3+ {[%emt 0:00:01]} 36. Kf2 {[%emt 0:00:00]} Kf4 {[%emt 0:00:00]} 37. f6 {[%emt 0:00:02]} gxf6 {[%emt 0:00:01]} 38. Rxf6+ {[%emt 0:00:00]} Ke5 {[%emt 0:00:00]} 39. Rxh6 {[%emt 0:00:01]} Rf3+ {[%emt 0:00:01]} 40. Ke2 {[%emt 0:00:01]} Rf6 {[%emt 0:00:00]} 41. Rxf6 {[%emt 0:00:02]} Kxf6 {[%emt 0:00:00]} 42. Bg4 {[%emt 0:00:01]} Ke5 {[%emt 0:00:00]} 43. Kd2 {[%emt 0:00:00]} Kd4 {[%emt 0:00:01]} 44. Be2 {[%emt 0:00:00]} Be8 {[%emt 0:00:01]} 45. Kc2 {[%emt 0:00:01]} Bf7 {[%emt 0:00:00]} 46. Kb3 {[%emt 0:00:01]} b5 {[%emt 0:00:01]} 47. Bg4 {[%emt 0:00:01]} Bxc4+ {[%emt 0:00:00]} 48. Kb2 {[%emt 0:00:00]} a5 {[%emt 0:00:01]} 49. Bd7 {[%emt 0:00:00]} b4 {[%emt 0:00:01]} 50. Ba4 {[%emt 0:00:01]} Bd3 {[%emt 0:00:00]} 51. Bd1 {[%emt 0:00:01]} c4 {[%emt 0:00:00]} 52. Ba4 {[%emt 0:00:01]} c3+ {[%emt 0:00:00]} 53. Kc1 {[%emt 0:00:00]} Bc4 {[%emt 0:00:01]} 54. Bd1 {[%emt 0:00:00]} b3 {[%emt 0:00:00]} 55. Be2 {[%emt 0:00:01]} Bxe2 {[%emt 0:00:02]} 56. Kb1 {[%emt 0:00:00]} Bd3+ {[%emt 0:00:00]} 57. Kc1 {[%emt 0:00:00]} b2+ {[%emt 0:00:00]} 58. Kd1 {[%emt 0:00:00]} b1=Q# {[%emt 0:00:00] (Lag: Av=0.50s, max=1.0s)} 0-1

[Event "164 Stay Safe Play From Home"]
[Site "T#646250Emanuel Laske"]
[Date "2020.05.22"]
[Round "3"]
[White "Mepe_Nika"]
[Black "Weltszmerc"]
[Result "1-0"]
[WhiteElo "2368"]
[BlackElo "2019"]
[Annotator "TA"]
[PlyCount "91"]
[EventDate "2020.05.22"]
[EventType "swiss (blitz)"]

{[%evp 9,91,-2,54,6,52,49,50,46,50,28,38,24,35,18,23,15,15,0,0,0,60,63,63,64,210,213,547,531,563,454,461,453,456,456,568,570,564,541,593,589,823,807,797,795,860,850,958,961,1458,1462,1408,1146,1222,1224,1161,1152,4906,1390,1236,1119,1424,1437,1169,1148,29981,29982,29983,29984,29984,29983,29983,29984,29984,29985,29985,29986,29986,29987,29988,29988,29988,29989,29989,29990]} 1. e4 Nf6 2. Nc3 d5 3. exd5 Nxd5 4. Nxd5 Qxd5 5. Nf3 c6 (5... e5 $11) 6. Be2 {B02: Alekhine's Defence: Chase Variation and lines with early Nc3.} Bg4 7. O-O e6 8. h3 {White is slightly better.} Bh5 {[#]} 9. b3 $146 ({Predecessor:} 9. c3 Be7 10. d4 O-O 11. Ne5 Bxe2 12. Qxe2 Bd6 13. Nf3 Nd7 14. Be3 Rfd8 15. b3 {0-1 (50) Nascimento,C (1931)-Ulyanovskyy,V (2206) Porto 2016}) 9... Be7 10. Bb2 O-O 11. c4 Qd8 12. d4 $36 {[%mdl 2048] White is pushing.} Nd7 13. Ne5 Bxe2 14. Qxe2 Bf6 (14... Nxe5 $11 15. Qxe5 (15. dxe5 Qc7 $11) 15... a5) 15. Rad1 $14 Qc7 16. Ng4 Be7 {[#] Loses the game.} ({Black should play} 16... Rfe8 $14) 17. d5 $1 $18 h5 $2 (17... cxd5 18. cxd5 Nc5) 18. dxe6 Nc5 19. exf7+ Rxf7 20. Ne5 {[%mdl 64] Discovered Attack} Rf5 21. Ng6 Bf6 22. Bxf6 {[%mdl 64] Overworked Piece} Rxf6 23. Qxh5 Rxg6 24. Qxg6 Qf7 25. Qxf7+ Kxf7 {[%mdl 4096] Endgame KRR-KRN} 26. b4 Ne4 27. Rd7+ {[%mdl 64] Double Attack} Ke6 28. Rxb7 g5 29. Re1 Kf5 30. Rf7+ Nf6 31. g4+ Kg6 32. Rc7 Rd8 33. Rxc6 Kf7 34. Ree6 Ng8 35. Red6 Re8 36. Rc7+ Kf8 37. Rxa7 {White mates.} Re1+ 38. Kg2 Ne7 39. Rd8+ Kf7 40. Rdd7 Kf6 {[#]} 41. Rxe7 $1 Rxe7 42. Rxe7 Kxe7 {[#]} 43. f4 $1 Ke6 (43... gxf4 44. Kf3) 44. Kf3 gxf4 45. Kxf4 Kf6 46. a4 {Accuracy: White = 94%, Black = 38%.} 1-0

[Event "164 Stay Safe Play From Home"]
[Site "T#646250Emanuel Laske"]
[Date "2020.05.22"]
[Round "3"]
[White "Lamborghini"]
[Black "Toosieslide"]
[Result "0-1"]
[WhiteElo "2189"]
[BlackElo "2235"]
[Annotator "TA"]
[PlyCount "88"]
[EventDate "2020.05.22"]
[EventType "swiss (blitz)"]

{[%evp 21,88,8,41,-91,54,-56,-42,-37,0,-2,20,25,24,31,60,53,56,58,71,-37,63,-19,-10,-18,-17,-19,-15,-49,397,-14,0,-18,178,-2,50,-23,57,50,55,-30,-30,-35,-33,-69,50,-9,0,-180,-164,-155,12,-10,178,-47,-47,-74,-74,-156,0,-160,-134,-29991,-29992,-29998,-29993,-29993,-29993,-29994,-29995]} 1. e4 e5 2. Nf3 Nc6 3. Bb5 a6 4. Ba4 Nf6 5. Qe2 b5 6. Bb3 Be7 7. O-O O-O 8. c3 d6 9. Rd1 Na5 10. Bc2 c5 11. d4 Qc7 12. b3 {[#] C86: Closed Ruy Lopez: Worrall Attack.} (12. d5 $14) 12... Nc6 $146 (12... cxd4 $17 13. cxd4 Bg4) ({Predecessor:} 12... Bb7 13. d5 Bc8 14. Nbd2 Bd7 15. Nf1 Nb7 16. h3 Ne8 17. g4 g6 18. Ng3 Ng7 19. Bh6 f6 {0-1 (46) Klepikov,N (2244)-Ivanov,A (2056) Sochi 2018}) 13. Bb2 (13. d5 $14 Na5 14. h3) 13... cxd4 $1 $15 14. cxd4 {Black is slightly better.} Nb4 15. Rc1 Nxc2 16. Rxc2 Qb7 17. Nbd2 Bg4 18. dxe5 dxe5 19. Bxe5 Rfe8 20. Rac1 (20. h3 $16 Rac8 21. Rxc8 Bxc8 22. Rc1) 20... Bd8 ({Better is} 20... Ba3 $1 $15 21. Bb2 (21. Rc7 Qb8 $15) 21... Bxb2 22. Rxb2 Nxe4 23. Nxe4 Rxe4) 21. Bg3 (21. Bxf6 $14 Bxf6 22. Rc7) 21... Nxe4 $11 22. Nxe4 Rxe4 23. Qd3 Bf5 24. Qd1 Bf6 $2 {[%mdl 8192]} (24... Ba5 $15 {keeps the upper hand.}) 25. h3 $2 (25. Rc7 $18 Qb8 26. R7c5) 25... Rae8 26. Rc7 Qb6 $2 (26... Qa8 $11 {and Black has nothing to worry.}) 27. Kh2 $2 (27. R1c6 $18 Qb8 {[#]} 28. Rxf6 $1 {[%mdl 512]} (28. Rxa6 Qd8 $16) 28... gxf6 29. Rc5) 27... h5 (27... Rd8 $11 28. Qc2 Rde8) 28. Qd5 (28. R1c6 $14 Qa5 29. Qd5) 28... Bg6 (28... Qe6 $11 29. Qxe6 R4xe6) 29. R1c6 $14 Qa5 30. Rxf6 (30. Rc8 $14 Kh7 31. Rxe8 Rxe8 32. Be5) 30... gxf6 $11 31. Rd7 {Black should prevent Nh4.} Qb4 ({Reject} 31... Qxa2 32. Nh4 $11) 32. Ra7 Qf8 ({Black should try} 32... R4e6 $1 $15 33. Rd7 Qc3) 33. Nh4 (33. Rxa6 $14 Kg7 34. Bd6) 33... Qg7 34. Nf5 $2 (34. f4 $11) 34... Bxf5 $1 $19 35. Qxf5 Re2 $2 ({Black should play} 35... h4 $17 36. Bd6 Qg6) 36. Qxh5 R2e7 $2 (36... Qg6 $11 {and Black stays safe.} 37. Qxg6+ fxg6 38. Rxa6 Kf7) 37. Rxe7 $2 (37. Rxa6 $18 b4 38. Rb6) 37... Rxe7 $18 {[%mdl 4096] Endgame KQR-KQB} 38. Qf3 Re6 39. h4 (39. Bf4 $142) 39... Qf8 $2 (39... Qh7 $17 40. Qg4+ Qg6) 40. h5 $2 ({White has to play} 40. Qg4+ $1 $11 Qg7 41. Qh3) 40... Qg7 41. Qg4 $2 {[%mdl 8192] [#]} (41. Bf4 $17) 41... Qxg4 {Black mates.} 42. Bf4 Qxh5+ 43. Kg3 Qf5 44. Kf3 Re4 {Accuracy: White = 20%, Black = 39%.} 0-1

[Event "164 Stay Safe Play From Home"]
[Site "T#646250Emanuel Laske"]
[Date "2020.05.22"]
[Round "3"]
[White "Haxhi Baha"]
[Black "Rogan"]
[Result "1-0"]
[WhiteElo "1921"]
[BlackElo "2311"]
[Annotator "TA"]
[PlyCount "89"]
[EventDate "2020.05.22"]
[EventType "swiss (blitz)"]

{[%evp 9,88,18,40,4,40,37,60,54,741,735,762,765,756,765,843,808,846,793,849,804,817,798,856,789,876,815,905,780,785,729,849,838,1052,1041,1001,976,977,975,966,966,1077,1065,1322,1322,1275,1269,1209,1197,29989,29990,29990,29991,29993,29994,29996,29992,29992,29983,29993,29985,29994,29984,29983,29984,29984,29985,29990,29991,29991,29988,29990,29990,29990,29991,29993,29994,29994,29995,29995,29996,29999]} 1. e4 d5 2. exd5 Nf6 3. Nc3 Nxd5 4. Qf3 Nxc3 5. dxc3 e6 {[#]} 6. Bd3 $146 {B02: Alekhine's Defence: Chase Variation and lines with early Nc3.} ({Predecessor:} 6. Bf4 Bd6 7. Bb5+ Nd7 8. Bxd6 cxd6 9. Qg3 O-O 10. Qxd6 Nf6 11. Qxd8 Rxd8 12. Nf3 {1-0 (42) Drop,S (1803)-Krzymionka,K (1629) Krakow 2013}) 6... Qf6 7. Qe2 Nc6 8. Nf3 {[#] Black must now prevent Bg5.White is slightly better.} Bd6 $2 {[%mdl 8192]} (8... e5 $14) 9. Bg5 $18 Bd7 10. Bxf6 gxf6 11. O-O-O a5 12. Nd4 Ne7 13. f4 a4 14. a3 Bxf4+ 15. Kb1 Bd6 16. g3 Nd5 17. Bc4 Nb6 18. Ba2 O-O-O 19. Qf3 e5 20. Nf5 Bc6 21. Nxd6+ cxd6 22. Qe3 Bxh1 23. Qxb6 Bc6 24. Bd5 Bxd5 25. Rxd5 h5 26. Ra5 Kd7 27. Qxb7+ Ke6 28. Ra7 Rhe8 29. Qxf7+ {[%mdl 64] [#] Double Attack. White mates.} Kf5 30. Qxh5+ Ke6 31. Qg4+ Kd5 32. c4+ Kc5 33. Rxa4 f5 34. Ra5+ Kb6 35. Rb5+ Kc6 36. Qf3+ e4 37. Qb3 Kd7 38. Rb7+ Ke6 39. c5+ d5 40. Qb6+ Ke5 41. Rf7 {[%csl Gf7][%cal Rb6f6]} e3 42. Qf6+ Ke4 43. Qxf5+ Kd4 44. b4 Kc4 45. Qd3# {White took control after the opening. Accuracy: White = 87%, Black = 37%.} 1-0